000 00516nam a2200169 a 4500
005 20140412111232.0
008 010521s19uu xx 00 eng d
050 _aREF 791.53
_bJ61 1991
245 _aJim Henson's Muppet stories, v.5 :
_bMuppet Story magic.
260 _aNew York :
_bHenson Associates, Inc,
_c1991.
300 _a37p. ; ill.
440 _aJim Henson's Muppet Stories, v.5
500 _aStarring Jim Henson's Muppet
650 _aChildren's stories
650 _aMagic-Stories
999 _c102200
_d102200